World Cities by Letter O - Picture Quiz - Statistics

General Stats
  • This quiz has been taken 107 times
  • The average score is 6 of 18
Answer Stats
Picture Answer % Correct
Orlando
81%
Oslo
81%
Osaka
72%
Ottawa
56%
Omsk
41%
Oxford
36%
Orléans
32%
Ouagadougou
31%
Odessa
24%
Oran
23%
Oakland
19%
Omaha
17%
Okayama
16%
Oklahoma City
14%
Orenburg
11%
Onitsha
9%
Omdurman
6%
Ordos
5%
No matching quizzes found
Score Distribution
Percent of People with Each Score
Percentile by Number Answered
Your Score History
You have not taken this quiz